MARC

LEADER 00000nam0a2200000 4500
001 252601
005 20231101232751.0
010 |a 5020166944 
020 |a RU  |b 89-39332 
035 |a (RuTPU)RU\TPU\book\274951 
090 |a 252601 
100 |a 20140304d1989 k a0rusy5003 ca 
101 0 |a rus 
102 |a RU 
105 |a y z 001zy 
200 1 |a Развитие производительных сил Китая  |f Академия наук СССР (АН СССР), Институт Дальнего Востока (ИДВ) ; под ред. М. Л. Титаренко 
210 |a Москва  |c Наука  |d 1989 
215 |a 247 с. 
300 |a Рез.: англ. 
320 |a Библиогр.: с. 240-242 (94 назв.) 
606 1 |a Китай  |x Экономика  |2 stltpush  |3 (RuTPU)RU\TPU\subj\36265  |9 57705 
610 1 |a производительные силы 
610 1 |a Китайская Народная Республика 
610 1 |a развитие 
610 1 |a природные ресурсы 
610 1 |a промышленность 
610 1 |a сельскохозяйственная промышленность 
610 1 |a наука 
610 1 |a трудовые ресурсы 
610 1 |a рабочий класс 
686 |a У9(5Кит)  |2 rubbk 
702 1 |a Титаренко  |b М. Л.  |4 340 
712 0 2 |a Академия наук СССР (АН СССР)  |b Институт Дальнего Востока (ИДВ)  |c (Москва)  |2 stltpush  |3 (RuTPU)RU\TPU\col\11572 
801 0 |a RU  |b RuMRKP  |c 19960704  |g psbo 
801 1 |a RU  |b 63413507  |c 20140304 
801 2 |a RU  |b 63413507  |c 20140314  |g RCR 
942 |c BK